[Event "EU Union-ch 3rd"]
[Site "Arvier"]
[Date "2007.06.21"]
[Round "7"]
[White "Cavatorta, Fosco"]
[Black "Di Cio, Enrico"]
[Result "1-0"]
[WhiteElo "1921"]
[BlackElo "1776"]
[PlyCount "83"]
[EventDate "2007.06.15"]
[EventType "swiss"]
[EventRounds "10"]
[EventCountry "ITA"]
[SourceTitle "CBM 118 Extra"]
[Source "ChessBase"]
[SourceDate "2007.07.04"]
[SourceVersion "1"]
[SourceVersionDate "2007.07.04"]
[SourceQuality "1"]

1. Nf3 Nf6 2. g3 d6 3. Bg2 e5 4. 0-0 Be7 5. c4 0-0 6. Nc3 c6 7. b4 Be6 8. d3 Nbd7 9. Ng5 Rc8 10. Nxe6 fxe6 11. Bh3 Kf7 12. e4 d5 13. Qb3 d4 14. Bxe6+ Kxe6 15. c5+ Nd5 16. Nxd5 cxd5 17. Qxd5+ Kf6 18. f4 Nxc5 19. fxe5+ Kg6 20. bxc5 Rxf1+ 21. Kxf1 h6 22. Qxd8 Rxd8 23. Rb1 Bxc5 24. Rxb7 Bb6 25. e6 Kf6 26. e7 Re8 27. Ba3 Ke6 28. Ke2 Kf7 29. Rd7 Rc8 30. Rd5 g6 31. Kd2 Kf6 32. Bb4 Kf7 33. a4 a5 34. Ba3 Rb8 35. Rb5 Bc7 36. Rxb8 Bxb8 37. Bc5 Be5 38. Ke2 g5 39. Kf3 h5 40. h3 Bf6 41. g4 h4 42. Bd6 1-0

[Event "EU Union-ch 3rd"]
[Site "Arvier"]
[Date "2007.06.20"]
[Round "6"]
[White "Di Cio, Enrico"]
[Black "Foisor, Mihaela Veronica"]
[Result "0-1"]
[WhiteElo "1776"]
[BlackElo "1980"]
[PlyCount "102"]
[EventDate "2007.06.15"]
[EventType "swiss"]
[EventRounds "10"]
[EventCountry "ITA"]
[SourceTitle "CBM 118 Extra"]
[Source "ChessBase"]
[SourceDate "2007.07.04"]
[SourceVersion "1"]
[SourceVersionDate "2007.07.04"]
[SourceQuality "1"]

1. e4 e6 2. d4 d5 3. Nd2 Nf6 4. e5 Nfd7 5. f4 c5 6. Ngf3 cxd4 7. Nxd4 Nxe5 8. Bb5+ Nec6 9. Nxc6 bxc6 10. Ba4 Bd7 11. 0-0 c5 12. Bxd7+ Qxd7 13. Nf3 Nc6 14. Qe2 Be7 15. Bd2 Bf6 16. Ne5 Bxe5 17. fxe5 0-0 18. Rae1 Nd4 19. Qd3 f5 20. exf6 Rxf6 21. Rxf6 gxf6 22. b4 Nf5 23. bxc5 Qc6 24. Bb4 a5 25. Ba3 d4 26. Qe4 Qxe4 27. Rxe4 e5 28. Re2 Kf7 29. Kf2 Ke6 30. g4 Ne3 31. h3 Nc4 32. Bc1 Rc8 33. h4 Rxc5 34. g5 fxg5 35. hxg5 Rc7 36. Kg3 Rf7 37. a4 Kd5 38. Rf2 Rxf2 39. Kxf2 e4 40. Bf4 Nb2 41. Bd2 e3+ 42. Bxe3 dxe3+ 43. Kxe3 Nxa4 44. Kf4 Nc3 45. Kf5 a4 46. Kf6 a3 47. Kg7 a2 48. Kxh7 a1Q 49. g6 Qh1+ 50. Kg8 Ke6 51. g7 Kf6 0-1

[Event "Wch Seniors 16th"]
[Site "Arvier"]
[Date "2006.09.12"]
[Round "2"]
[White "Thieme, Hans"]
[Black "Di Cio, Enrico"]
[Result "1-0"]
[WhiteElo "2053"]
[BlackElo "1825"]
[PlyCount "53"]
[EventDate "2006.09.11"]
[EventType "swiss"]
[EventRounds "11"]
[EventCountry "ITA"]
[SourceTitle "CBM 114 Extra"]
[Source "ChessBase"]
[SourceDate "2006.11.03"]
[SourceVersion "1"]
[SourceVersionDate "2006.11.03"]
[SourceQuality "1"]

1. e4 e5 2. Nc3 Nf6 3. Bc4 Bc5 4. f4 d6 5. Nf3 exf4 6. d4 Bb6 7. Bxf4 0-0 8. 0-0 Bg4 9. Bg5 h6 10. Bh4 g5 11. Bf2 Nxe4 12. Nxe4 d5 13. Bxd5 c6 14. Bb3 Nd7 15. h3 Bh5 16. Ng3 Bg6 17. c3 Qc7 18. Ne2 Rae8 19. Bg3 Qd8 20. Bd6 Nf6 21. Bxf8 Kxf8 22. Kh1 Kg7 23. Ne5 Bc7 24. Nxg6 Kxg6 25. Qd3+ Kg7 26. Ng3 Bb8 27. Rxf6 1-0

[Event "Arvier op 2nd"]
[Site "Arvier"]
[Date "2005.04.22"]
[Round "6"]
[White "Di Cio, Enrico"]
[Black "Ziltener, Werner"]
[Result "0-1"]
[WhiteElo "1820"]
[BlackElo "2095"]
[PlyCount "128"]
[EventDate "2005.04.18"]
[EventType "swiss"]
[EventRounds "9"]
[EventCountry "ITA"]
[SourceTitle "CBM 105 Extra"]
[Source "ChessBase"]
[SourceDate "2005.05.01"]
[SourceVersion "1"]
[SourceVersionDate "2005.05.01"]
[SourceQuality "1"]

1. e4 e5 2. Nf3 Nc6 3. d4 exd4 4. Nxd4 Nf6 5. Nxc6 bxc6 6. Bd3 d5 7. exd5 cxd5 8. 0-0 Be7 9. Bg5 0-0 10. Nc3 c6 11. Qf3 Bg4 12. Qg3 Bh5 13. Rfe1 Bg6 14. Rad1 Rb8 15. Bxg6 hxg6 16. Bc1 Bd6 17. Qf3 Qc7 18. h3 Nd7 19. Na4 Ne5 20. Qe2 Nd7 21. b3 Nf6 22. c4 Bb4 23. Bd2 Rfe8 24. Qd3 dxc4 25. bxc4 Rxe1+ 26. Bxe1 Bxe1 27. Rxe1 Qa5 28. Nc3 Rd8 29. Qe3 Re8 30. Qd2 Rxe1+ 31. Qxe1 Qb4 32. Qd2 Qxc4 33. f3 Nd5 34. Ne4 f5 35. Ng5 Qc5+ 36. Kh1 Qe3 37. Qxe3 Nxe3 38. Kg1 Nd5 39. Kf2 a5 40. a3 Nc7 41. a4 Nd5 42. Ne6 Nb6 43. Nc5 f4 44. Ke2 Kf7 45. Kd3 Kf6 46. Kd4 g5 47. Ne4+ Kf5 48. Kc5 Nxa4+ 49. Kxc6 Nb2 50. Kb5 a4 51. Kb4 Nd3+ 52. Kxa4 Ne1 53. Kb3 Nxg2 54. Kb2 Ne1 55. Nd2 Nd3+ 56. Kc2 Nf2 57. Nf1 Nxh3 58. Kd2 Nf2 59. Nh2 g4 60. fxg4+ Nxg4 61. Nf3 Ne5 62. Nd4+ Ke4 63. Ne6 Nf3+ 64. Kd1 g5 0-1